Szlovákia és a sajtószabadság

Bibliographic Details
Main Author: Lesná, Ľuba, 1954- (Author)
Format: Article
Language:Hungarian
ISSN:1335-7050
Subjects:

MARC

LEADER 00000nab a2200000 ar4500
001 vtls009969508
003 SK-MaSNL
005 20260318124032.0
008 091112c20091024xo |||||||| 000 b|hun
015 |a SNBRB2009/11  |2 snkbucl 
038 |a SNKBUCL 
040 |a DSZK  |b slo  |c DSZK  |e AACR2 
041 0 |a hun 
044 |a xo  |c SK 
080 |a 342.732  |x (437.6)  |2 2001 
080 |a 070.13  |x (437.6)  |2 2001 
080 |a 321.7+342.34  |x (437.6)  |2 2001 
100 1 |a Lesná, Ľuba,  |d 1954-  |4 aut  |9 109555 
245 1 0 |a Szlovákia és a sajtószabadság  |c Ľuba Lesná 
650 0 7 |a sloboda tlače  |2 SNKPH  |9 2173 
650 0 7 |a demokracia  |2 SNKPH  |9 3564 
651 7 |a Slovensko  |2 SNKPHgeo  |9 14231 
655 7 |a postrehy  |2 snkbucl  |9 637502 
773 0 |t Új szó  |g Évf. 62, sz. 246 (24.10.2009), o. 7  |x 1335-7050 
852 |a SNK  |b KIS3GCP 
852 |a DSZK  |b KIS3GCP 
958 |a HU 
958 |a SK 
999 |c 2673821  |d 2675751